00637nam a2200169 a 450000100100000000500170001000800410002704000250006810000350009324500460012826000470017430000210022165000310024265000280027395201490030199900170045000003513620200930074128.0111025s1969 ag 000 f spa d aDO-SdBNPbspacBNPHU1 aValera, Juan,d1824-19059683310aPepita Jiménez (novela) /cJuan Valera. aBuenos Aires :bEdiciones Hispania,c1969. a152 p. ;c18 cm.24aLiteratura española963224aNovela española91123 001050718MOaGRbGRcCTd2011-10-25iLF1l0o p35136-10r2020-06-25w2020-06-25y1zBiblioteca Juan Isidro Jiménes GrullónZNo se presta c34627d34627